000 00739cam a22002657a 4500
003 CHAP
005 20220817043153.0
008 971013s1977 r 00010 d
010 _a67419
011 _a68391
035 _a77863
040 _cCHAP
090 _aFolleto 10811
100 0 0 _aDavenport, Elaine.
_931148
245 0 _aFerns for modern living
260 _aKalamazoo, Mich. :
_bMerchants Publising Company,
_c1977
300 _a80 p.
_b: ilus.
590 _aBATCH-UPD
_b10
_c20130110
_lUCH01
_h0640
590 _aCONVERSION
_b10
_c20130109
_lUCH01
_h1337
650 1 4 _aHelechos.
_953412
650 1 4 _aPlantas ornamentales.
901 _aBK
942 _cFOLL
949 _aFolleto 10811
_bBC
_cFOLL
_d-30736
_eTS1
_i77863
_mD
_si
999 _c67419
_d67419